000
00349nam a22001577a 4500
003
MPLRDC
005
20220104124323.0
008
210129b ||||| |||| 00| 0 eng d
082
_a
428 LMM
100
_a
林明美编著
245
_a
婴儿与体操
_c
260
_a
_b
五星出版社
_c
300
_b
平
650
_a
942
_c
BK
_o
428 LMM
999
_c
18399
_d
18389